<?xml version="1.0" encoding="UTF-8"?>
<collection xmlns:xsi="http://www.w3.org/2001/XMLSchema-instance" xsi:schemaLocation="http://www.loc.gov/MARC21/slim http://www.loc.gov/standards/marcxml/schema/MARC21slim.xsd" xmlns="http://www.loc.gov/MARC21/slim">
 <record>
  <leader>00000ctm a22000004a 4500</leader>
  <controlfield tag="001">UP-99796217612386461</controlfield>
  <controlfield tag="003">Buklod</controlfield>
  <controlfield tag="005">20170216164307.0</controlfield>
  <controlfield tag="006">a     r    |||| u|</controlfield>
  <controlfield tag="007">ta</controlfield>
  <controlfield tag="008">050601s2004    xx      r    |||| u|eng d</controlfield>
  <datafield tag="035" ind1=" " ind2=" ">
   <subfield code="a">(iLib)UPD-00261910446</subfield>
  </datafield>
  <datafield tag="040" ind1=" " ind2=" ">
   <subfield code="a">DCHE</subfield>
  </datafield>
  <datafield tag="041" ind1=" " ind2=" ">
   <subfield code="a">eng</subfield>
  </datafield>
  <datafield tag="042" ind1=" " ind2=" ">
   <subfield code="a">DMLUC</subfield>
  </datafield>
  <datafield tag="090" ind1=" " ind2=" ">
   <subfield code="a">LG 995 2004 F2</subfield>
   <subfield code="b">P86</subfield>
  </datafield>
  <datafield tag="100" ind1="1" ind2=" ">
   <subfield code="a">Punzalan, Alice Hermilyn Pagala</subfield>
  </datafield>
  <datafield tag="245" ind1="1" ind2="4">
   <subfield code="a">The roles and relationships of members of the family with a functionally disabled elderly</subfield>
   <subfield code="c">by Alice Hermilyn Pagala Punzalan ; Miriam M. Covar, adviser.</subfield>
  </datafield>
  <datafield tag="264" ind1=" " ind2="1">
   <subfield code="c">2004.</subfield>
  </datafield>
  <datafield tag="300" ind1=" " ind2=" ">
   <subfield code="a">xi, 173 leaves</subfield>
  </datafield>
  <datafield tag="502" ind1=" " ind2=" ">
   <subfield code="a">Thesis (M.F.L.C.D.)--University of the Philippines, Diliman.</subfield>
  </datafield>
  <datafield tag="520" ind1=" " ind2=" ">
   <subfield code="a">This study was to find out the roles and relationships of the members of the family with a functionally disabled elderly. Eighteen (18) functionally disabled elderly and their family members were chosen from selected hospitals in Quezon City. Data for this study was gathered through personal interviews or &quot;pakikipagkuwentuhan&quot; with the functionally disabled elderly in their homes. The researcher tried to know what roles and relationships, and what responsibilities they undertook to attend to the needs of their functionally disabled elderly. Through this study, the researcher also tried to know how the functionally disabled elderly felt about the caregiving of its members. results show that all members of the family regardless of where they lived, whether it be in Manila, in the province or abroad. The roles performed include purely caregiving and financial support. Also, adjustment6s and arrangements were made by family members to meet the needs of the functionally disabled elderly. Findings of the study also show that in the performance of the roles for the functionally disabled elderly, the family members encountered either physical, inner tension, psychological, or emotional stress. Furthermore, results of the study also show that both the relationships between the family members of the functionally disabled elderly family members' of the functionally disabled elderly and the families of the functionally disabled elderly's children, especially their spouses were affected in the functionally disabled elderly family members' performance of their responsibilities for the elderly. These effects include conflicts, misunderstandings, silent treatment, verbal exchanges and physical fights. I spite of the dissatisfactions that some elderly felt, it was found in the study that all the functionally disabled elderly were satisfied with the support given by the members of their family. As a whole, the study confirms the concept that roles and relationships of the members of the family with a functionally disabled elderly is embedded in the Filipino socio-cultural make-up and Filipino family values. These roles and responsibilities manifest the culture's deep family values transmitted from one family member to another. An implication of this study is the importance of parents among family members in caring for its members and maintaining good family relationships in spite of difficulties.</subfield>
  </datafield>
  <datafield tag="650" ind1="1" ind2="0">
   <subfield code="a">Aged people with disabilities</subfield>
   <subfield code="z">Philippines</subfield>
   <subfield code="z">Quezon City</subfield>
   <subfield code="x">Family relationships.</subfield>
  </datafield>
  <datafield tag="650" ind1="2" ind2="0">
   <subfield code="a">Aged people with disabilities</subfield>
   <subfield code="x">Home care</subfield>
   <subfield code="z">Philippines</subfield>
   <subfield code="z">Quezon City.</subfield>
  </datafield>
  <datafield tag="650" ind1=" " ind2="0">
   <subfield code="a">Aging parents</subfield>
   <subfield code="x">Home care</subfield>
   <subfield code="z">Philippines</subfield>
   <subfield code="z">Quezon City.</subfield>
  </datafield>
  <datafield tag="650" ind1=" " ind2="0">
   <subfield code="a">Aging parents</subfield>
   <subfield code="z">Philippines</subfield>
   <subfield code="z">Quezon City</subfield>
   <subfield code="x">Family relationships.</subfield>
  </datafield>
  <datafield tag="700" ind1="1" ind2=" ">
   <subfield code="a">Covar, Miriam M.</subfield>
  </datafield>
  <datafield tag="905" ind1=" " ind2=" ">
   <subfield code="a">FI</subfield>
  </datafield>
  <datafield tag="905" ind1=" " ind2=" ">
   <subfield code="a">UP</subfield>
  </datafield>
  <datafield tag="852" ind1="0" ind2=" ">
   <subfield code="a">UPD</subfield>
   <subfield code="b">DCHE</subfield>
   <subfield code="h">LG 995 2004 F2</subfield>
   <subfield code="i">P86</subfield>
  </datafield>
  <datafield tag="942" ind1=" " ind2=" ">
   <subfield code="a">Thesis</subfield>
  </datafield>
 </record>
</collection>
